| 000 | 00805cam a2200253u 4500 | ||
|---|---|---|---|
| 001 | 22337 | ||
| 003 | BD-RjUL | ||
| 005 | 20211209000808.0 | ||
| 008 | 140308s1914 nyu a 000 0 eng | ||
| 035 | _a(BD-RjUL)22402 | ||
| 040 |
_aDLC _cCarP _dDLC _dBD-RjUL _beng |
||
| 041 | _aeng | ||
| 082 |
_a808 _bBAE V-2 1914 |
||
| 100 | 1 |
_aBain, Alexander, _d1818-1903. [from old catalog] _968972 |
|
| 245 | 0 | 0 |
_aEnglish composition and rhetoric / _cby Alexander Bain. _nPart Second : _pEmotional Qualities Of Style |
| 250 | _aEnlarged ed. | ||
| 260 |
_aNew York ; _aBombay : _bLongmans ; _bGreen, _c1914. |
||
| 300 |
_axxxii, 325 p. ; _c21 cm. |
||
| 650 | 0 |
_aEnglish language _y19th century _xRhetoric. _968973 |
|
| 942 |
_2ddc _cBK |
||
| 999 |
_c22337 _d22337 |
||